00943nam a2200265 a 450000100100000000500170001000800410002704000250006804100380009308200180013110000210014924000610017024500770023126000730030830000210038149000150040253400820041750400410049965000430054065000130058365000120059665000260060870000280063483000150066200002454820240731114020.0110131s1972 ag a r 000 | spa d aDO-SdBNPbspacBNPHU17aenghspa2Código de idioma MARC a330.16bB786j1 aBowie, Norman E.10aTowards a new theory of distributive justice.lEspañol10aJusticia distributiva /cNorman E. Bowie; traducción Manuel Barberá. aBuenos Aires, (Argentina) :bEdiciones Economía y Empresa ,c1972. a163 p. ;c23 cm.1 aLa Empresa aTítulo original en inglés :tTowards a new theory of distributive justice aIncluye referencias bibliográficas 4aDistribución ( teoría económica) 4aRiquezas 0aPobreza 0aEconomía política1 aBarberá, Manuel,etr. 0aLa Empresa